Cricket Teams Name - Statistics

General Stats
  • This quiz has been taken 792 times
    773 since last reset
  • The average score is 9 of 10
Answer Stats
Hint Teams % Correct
08 India
99%
01 Australia
98%
03 England
97%
07 Pakistan
95%
02 Newzealand
92%
04 South Africa
90%
06 Sri Lanka
90%
05 West Indies
88%
09 Bangladesh
85%
10 Zimbabwe
68%
No matching quizzes found
Score Distribution
Percent of People with Each Score
Percentile by Number Answered
Your Score History
You have not taken this quiz since the last reset